भीखू की डायरी / (Record no. 61046)

MARC details
000 -LEADER
fixed length control field 01453nam a22002177a 4500
005 - DATE AND TIME OF LATEST TRANSACTION
control field 20120117101124.0
020 ## - INTERNATIONAL STANDARD BOOK NUMBER
International Standard Book Number 9788187649656
Terms of availability 65.00
082 ## - DEWEY DECIMAL CLASSIFICATION NUMBER
Classification number
100 ## - MAIN ENTRY--PERSONAL NAME
Personal name काकोडकर, मीना
245 ## - TITLE STATEMENT
Title भीखू की डायरी /
Statement of responsibility, etc काकोडकर, मीना
246 ## - VARYING FORM OF TITLE
Title proper/short title भीखू की डायरी /
Remainder of title काकोडकर, मीना
250 ## - EDITION STATEMENT
Edition statement 3 रा
260 ## - PUBLICATION, DISTRIBUTION, ETC. (IMPRINT)
Place of publication, distribution, etc नई दिल्ली
Name of publisher, distributor, etc कथा
Date of publication, distribution, etc 2010
270 ## - ADDRESS
Address ए-3 सर्वोदय एनक्लेव, श्री अरविन्दो मार्ग
City नई दिल्ली
Postal code 110017
300 ## - PHYSICAL DESCRIPTION
Extent 39 पृ.
Other physical details सचित्र
Dimensions 22 सें.मी. (अजिल्द)
490 ## - SERIES STATEMENT
Series statement सीरीज़ संपादिका:गीता धर्मराजन
-- 39369
500 ## - GENERAL NOTE
General note मीना काकोडकर को साहित्य अकादमी जैसे कई प्रतिष्ठित पुरस्कारों से सम्मानित किया गया है उनकी प्रकाशित रचनाओं में लघुकथाओं की दो कुसुमावाली "डोर चनवाला" तथा "सपन फुलम" शामिल हैं।
650 ## - SUBJECT ADDED ENTRY--TOPICAL TERM
Topical term or geographic name as entry element कहानी
700 ## - ADDED ENTRY--PERSONAL NAME
Personal name काकोडकर, मीना
9 (RLIN) 39371
942 ## - ADDED ENTRY ELEMENTS (KOHA)
Source of classification or shelving scheme Dewey Decimal Classification
Item type Children Books
Edition 2010
Classification part
Call number suffix काकोड

No items available.


© Delhi Public Library
Hit Counter
free hit counter